| 000 | 00891nam a22002177a 4500 | ||
|---|---|---|---|
| 999 |
_c12942 _d12942 |
||
| 003 | AR-CdUCM | ||
| 008 | 190410b ||||| |||| 00| 0 spa d | ||
| 040 |
_aMUNICIPALIDAD PROVINCIAL DEL CUSCO _cBIBLIOTECA MUNICIPAL DEL CUSCO |
||
| 082 |
_a910.285 / _bE92 |
||
| 110 |
_aMinisterio de industria y comercio _931078 |
||
| 245 | _aEstadística del turismo 1972 / | ||
| 260 |
_aPerú : _bDireccion general de turismo, _c1973. |
||
| 300 |
_a177 páginas ; _bFotografías, _c23 cm. |
||
| 505 | _aContenido: Evolución de turismo receptivo en el Perú -- Composición del turismo receptivo peruano -- Sudamérica como mercado turístico del Perú... | ||
| 650 |
_aTurismo en el Perú _931079 |
||
| 650 |
_aEvolución del turismo _931080 |
||
| 650 |
_aTurismo receptivo _97160 |
||
| 700 |
_aDirección de estadística e información _931081 |
||
| 942 |
_2ddc _cFOLLETOS |
||
| 945 |
_adavv _d10/04/2019 |
||